Flagi znajdujące się na fladze Islandii - Statystyki

Ogólne statystyki
  • Ten quiz został rozwiązany 671 razy
    90 od ostatniego zresetowania
  • Średni wynik to 7 z 7
Odpowiedzi na mapie
Odpowiedzi zakodowano w zielono-czerwonej skali na mapie do tego quizu, zgodnie z poniższymi procentami.
 
Statystyki odpowiedzi
Kontynent Odpowiedź % Poprawnych
Europa Francja
100%
Europa Monako
99%
Europa Polska
99%
Europa Holandia
98%
Azja Indonezja
97%
Europa {Anglia}*
95%
Ameryka Północna Kostaryka
89%
Nie znaleziono quizów pasujących do podanych kryteriów
Rozkład punktacji
Procent ludzi z każdym wynikiem
Percentyl według liczby udzielonych odpowiedzi
Twoja historia wyników
Nie rozwiązałeś tego quizu od ostatniego zresetowania